1343 1826 1750 1820 1168 1609 1035 1089 1390 1887 1105 1144 1879 1676 1979 1458 1812 1216 1026 1208 1307 1621 1585 1779 1689 1093 1458 1344 1116 1082 1444 1416 1824 1819 1668 1045 1843 1318 1375 1402 1762 1859 1733 1557 1223 1944 1180 1923 1993 1854 1768 1636 1565 1037 1049 1005 1935 1031 1067 1517 1228 1958 1821 1412 1622 1473 1165 2000 1062 1672 1476 1924 1541 1078 1543 1898 1056 1179 1735 1689 1858 1746 1271 1755 1782 1445 1102 1669 1323 1251 1343 1637 1003 1276 1407 1095 1126 1289 1586 BCNSPRNW ULIB Ver.6.0+V

เปลี่ยนเป็นภาษาไทย

Change to English
 แสดงรายละเอียดบรรณานุกรม
  กลับหน้าหลัก

Brief Record : Get Marc (ISO 2709) : E-mail record : QR code < ปิดหน้าต่าง
LEADER : 00000nam 2200000uu 4500
001    13399112066
003     ULIB
008    110627s2553||||th 000 0 tha d
020    9786169000983
090    นว.^bค953ส 2553
100 0  โคม รัตติกาล
245 00 สืบ/ค้น/วิญญาณ/^cโคม รัตติกาล
250    พิมพ์ครั้งที่ 1
260    กรุงเทพฯ :^bพิมพ์ใจ,^c2553
300    188 หน้า
710 1  พิมพ์ใจ
945    ^p139^l0^i028098
995    ทศพร
999 ^a ใช้งานได้ทุกระบบ
รายการนี้ยังไม่มีแท็ก
คุณยังไม่ได้ล็อกอิน คุณสามารถมีกิจกรรมร่วมกับเว็บไซต์ได้ แต่ต้องล็อกอินก่อน ::
  ล็อกอิน

รายการสื่อสารสนเทศ

ลำดับที่ ประเภท เลขเรียก/บาร์โค้ด สถานที่ สถานะ
- ไม่พบข้อมูล -

BibComment


ยังไม่เคยถูกคอมเมนท์

คอมเมนท์ทรัพยากรรายการนี้
  คอมเมนท์: สืบค้นวิญญาณ โคม ..


 Copyright 2026. Bcnsprnw @Library